| 000 | 00554nam a2200181 a 4500 | ||
|---|---|---|---|
| 001 | 5907 | ||
| 003 | CDMR | ||
| 005 | 20131010155200.0 | ||
| 008 | 130220s2006||||||||||||||||||||||||||||d | ||
| 020 | _a8497344111 | ||
| 040 |
_aCDMR _bcat _cCDMR |
||
| 100 | 1 |
_aFebrés, Xavier _91324 |
|
| 245 | 1 | 4 |
_aLes preguntes pendents de Josep Pla _b: actualitat, polèmiques i revelacions als 25 anys de la mort de l'homenot _cXavier Febrés |
| 260 |
_aBarcelona _bL'esfera dels llibres _c2006 |
||
| 300 |
_a267 p ; _c17 cm |
||
| 600 | 1 |
_aPla, Josep _9827 |
|
| 942 |
_cMON _2udc |
||
| 999 |
_c5907 _d5907 |
||